Sci-Fi Movies of the Last 25 Years Quiz Stats

 Plays Quiz Updated Jan 2, 2019

Challenge
Share
Tweet
Score 0/25 Timer 08:00
6 Plays Today
% Correct
Avatar
97.4%
The Martian
95.3%
Gravity
92.8%
X-Men
92.5%
I, Robot
88.8%
Independence Day
87.9%
I Am Legend
87.6%
Interstellar
83.7%
Star Wars: Episode I - The Phantom Menace
80.3%
Armageddon
80%
Blade Runner 2049
79.7%
Rise of the Planet of the Apes
77.6%
Tron: Legacy
73.1%
% Correct
Ready Player One
72.8%
Star Trek Beyond
67%
Signs
66.8%
Looper
63.6%
12 Monkeys
61.6%
Stargate
50.7%
A.I. Artificial Intelligence
45.1%
Serenity
44.1%
Gattaca
37.4%
The Day the Earth Stood Still
36.5%
The Core
20.8%
The Fountain
16.8%

You're not logged in!

Compare scores with friends on all Sporcle quizzes.
OR
Log In

You Might Also Like...

Show Comments

Extras

Top Quizzes Today


Score Distribution

Your Account Isn't Verified!

In order to create a playlist on Sporcle, you need to verify the email address you used during registration. Go to your Sporcle Settings to finish the process.

Report this User

Report this user for behavior that violates our Community Guidelines.

Details: